載入...

Urine therapy : padanam /

書目詳細資料
主要作者: Armstrong, J. W.
其他作者: Narayanan, T. (Translator)
格式: Printed Book
語言:Malayalam
出版: Kozhikode: Mathrubhumi Books, 2013.
主題:
LEADER 00982nam a22002177a 4500
008 161104b xxu||||| |||| 00| 0 mal d
020 |a 9788182654020  |c INR 
082 |a 615.36 
100 |a Armstrong, J. W. 
245 |a  Urine therapy :   |b padanam /   |c J. W. Armstrong, translated by T. Narayanan. 
260 |a Kozhikode:   |b Mathrubhumi Books,   |c 2013.  
300 |a 192 p. ; 
500 |a Original title' The water of life : a treatise on urine therapy ' 
650 |a  Urine  |x Self medication. 
650 |a Therapeutic use  |x Naturopathy.   |v Malayalam translation 
700 |a Narayanan, T.  |e Translator 
942 |c BK 
546 |a Malayalam 
999 |c 286558  |d 286558 
952 |0 0  |1 0  |4 0  |6 615_360000000000000_ARM_U  |7 0  |9 325322  |a FLK  |b FLK  |c ST1  |d 2016-11-04  |e BK  |g 125.00  |i 3495  |l 0  |o 615.36 ARM/U  |p FLK3495  |r 2016-11-04  |w 2018-08-23  |y BK 
952 |0 0  |1 0  |4 0  |6 615_360000000000000_ARM_U1  |7 0  |9 325323  |a FLK  |b FLK  |c ST1  |d 2016-11-04  |e BK  |g 125.00  |i 3925  |l 0  |o 615.36 ARM/U,1  |p FLK3925  |r 2016-11-04  |w 2018-08-23  |y BK